Los secretos de las plantas : (Registro nro. 60279)
[ vista simple ]
| 000 -CABECERA | |
|---|---|
| Longitud fija campo de control | 01530nam a2200385 c 4500 |
| 003 - • IDENTIFICADOR DELl NÚMERO DE CONTROL | |
| Identificador del número de control | CO-BoRNBP |
| 005 - • FECHA Y HORA DE LA ÚLTIMA TRANSACCIÓN | |
| Fecha y hora de la última transacción | 20260120162856.0 |
| 007 - • CAMPO FIJO DE DESCRIPCIÓN FÍSICA | |
| Campo fijo de descripción física | ta |
| 008 - • CÓDIGOS DE INFORMACIÓN DE LONGITUD FIJA | |
| Códigos de información de longitud fija | 210806r20142020ck ao jr dspa d spa |
| 020 ## - • NÚMERO INTERNACIONAL NORMALIZADO PARA LIBROS | |
| Número Internacional Normalizado para Libros (ISBN) | 9789583384738 |
| Información calificativa | colección |
| 020 ## - • NÚMERO INTERNACIONAL NORMALIZADO PARA LIBROS | |
| Número Internacional Normalizado para Libros (ISBN) | 9789585700765 |
| Información calificativa | volumen |
| 040 ## - FUENTE DE LA CATALOGACIÓN | |
| Centro catalogador de origen | CO-BoRNBP |
| Lengua de catalogación | spa |
| Normas de descripción | rda |
| Centro transcriptor | CO-BoRNBP |
| 041 0# - • CÓDIGO DE LENGUA | |
| Código de lengua del texto/banda sonora o título independiente | spa |
| 082 04 - • NÚMERO DE LA CLASIFICACIÓN DECIMAL DEWEY | |
| Número de clasificación (R) | 581.634 |
| Número del ítem | V23s |
| Número de edición | 22 |
| 100 1# - • PUNTO DE ACCESO PRINCIPAL-NOMBRE DE PERSONA | |
| Nombre de persona | Vega, Juan Luis |
| Término indicativo de función | aut |
| 245 14 - • TITULO PROPIAMENTE DICHO | |
| Título | Los secretos de las plantas : |
| Resto del título | 50 plantas medicinales en su huerta / |
| Mención de responsabilidad, etc. | textos Juan Luis Vega G ; ilustraciones Gloria María Mora González, Johana Bojanini. |
| 246 32 - • VARIANTES DE TÍTULO | |
| Título propio / Título en breve | Los secretos de las plantas |
| 250 ## - • MENCIÓN DE EDICIÓN | |
| Mención de edición | Cuarta edición, Quinta edición, Sexta edicion |
| 264 #1 - PRODUCCIÓN, PUBLICACIÓN , DISTRIBUCIÓN, FABRICACIÓN Y COPYRIGHT | |
| Lugar de producción, publicación, distribución, fabricación | Medellín, Colombia : |
| Nombre del productor, editor, distribuidor, fabricante | Fundación Secretos para Contar, |
| Fecha de de producción, publicación, distribución, fabricación o copyright | 2022 |
| 300 ## - • DESCRIPCIÓN FÍSICA | |
| Extensión | 199 páginas : |
| Otras características físicas | ilustraciones y fotografías a color |
| 336 ## - TIPO DE CONTENIDO | |
| Término de tipo de contenido | texto |
| Código de tipo de contenido | txt |
| Fuente | rdacontent |
| 337 ## - TIPO DE MEDIO | |
| Nombre del tipo de medio | sin mediación |
| Código del tipo de medio | n |
| Fuente | rdamedia |
| 338 ## - TIPO DE SOPORTE | |
| Nombre del tipo de soporte | volumen |
| Código del tipo de soporte | nc |
| Fuente | rdacarrier |
| 490 0# - • MENCIÓN DE SERIE | |
| Mención de serie | Secretos para contar |
| 500 ## - • NOTA GENERAL | |
| Nota general | Incluye índice de nombres comunes |
| 505 1# - • NOTA DE CONTENIDO CON FORMATO | |
| Nota de contenido con formato | 50 plantas medicinales -- Botiquín, preparaciones y recetario -- Índice de dolencias -- Los cultivos |
| 521 ## - • NOTA DE PÚBLICO DESTINATARIO | |
| Nota público destinatario (R ) | Recomendado para un público mayor de 15 años |
| 650 17 - • PUNTO DE ACCESO ADICIONAL DE MATERIA - TÉRMINO DE MATERIA | |
| Término de materia o nombre geográfico como elemento inicial | Botánica medica |
| Fuente del encabezamiento o término | lemb |
| 650 17 - • PUNTO DE ACCESO ADICIONAL DE MATERIA - TÉRMINO DE MATERIA | |
| Término de materia o nombre geográfico como elemento inicial | Plantas medicinales |
| Fuente del encabezamiento o término | lemb |
| 650 17 - • PUNTO DE ACCESO ADICIONAL DE MATERIA - TÉRMINO DE MATERIA | |
| Término de materia o nombre geográfico como elemento inicial | Terapias alternativas |
| Fuente del encabezamiento o término | lemb |
| 700 10 - • PUNTO DE ACCESO ADICIONAL - NOMBRE DE PERSONA | |
| Nombre de persona | Bojanini, Johana |
| Término indicativo de función | ill |
| 700 10 - • PUNTO DE ACCESO ADICIONAL - NOMBRE DE PERSONA | |
| Nombre de persona | Mora González, Gloria María |
| Término indicativo de función | ill |
| 942 ## - ENTRADA DE ELEMENTOS AGREGADOS (KOHA) | |
| Koha [por defecto] tipo de item | LIbro |
| Suppress in OPAC | 0 |
| Fuente de clasificaión o esquema | Dewey Decimal Classification |
No hay ítems disponibles.